| 000 | 00407nam a2200157Ia 4500 | ||
|---|---|---|---|
| 008 | 230917s9999||||xx |||||||||||||| ||und|| | ||
| 040 |
_e63027 _aMAIN |
||
| 041 | _aEnglish | ||
| 082 | _a658.5423 M923M | ||
| 100 | _aMundel, Marvin E | ||
| 245 | 0 | _aMotion and time study: improving productivity | |
| 250 | _a5th ed. | ||
| 260 |
_aNew Delhi _bPrentice-Hall _c1981 |
||
| 300 | _axvii, 750 p. | ||
| 942 | _cBK | ||
| 999 |
_c225595 _d225595 |
||